000 01195nam0a22002891 4500
001 rc\3702587
005 20250610101613.0
021 _aRU
_b[69-97686]
035 _a(NLR Aleph) 007854574
090 _a7787504
_c7787504
100 _a20130115d1969 |||y0rusy50 ca
101 0 _arus
102 _aRU
105 _ay z |||||
200 1 _aКодекс о браке и семье РСФСР
_eОфиц. текст
_fЮрид. комис. при Совете Министров РСФСР
210 _aМосква
_cЮрид. лит.
_d1969
215 _a63 с.
_d20
320 _aАлф.-предм. указатель: с. 50-62
532 1 2 _aКодекс о браке и семье Российской Советской Федеративной Социалистической Республики
606 _aКодекс законов о браке, семье и опеке РСФСР
_2psbo
740 1 _aРСФСР
_iКодекс о браке и семье
_tЗаконы и постановления
_9761793
_3RU\NLR\AUTH\880548241
801 0 _aRU
_bNLR
_gpsbo
801 1 _aRU
_bELAR
_2rusmarc
852 _aNLR
_j69-4/28269
942 _cBOOK
980 _aNB